000 00430cam a22001337a 4500
008 180718b1992 xxu||||| |||| 00| 0 eng d
082 _aAPPPA 91-92 MAN
100 _aManchanda, S.C.
245 _aManpower planning on Indian railways: a corporate strategy
_cby S.C. Manchanda
260 _aNew Delhi
_bIndian Institute of Public Administration
_c1992
300 _a100p.
650 _aIndian railways
650 _aManpower planning
999 _c501581
_d501581